Las claves del éxito de Toyota: 14 principios de gestión del fabricante más grande del mundo
Salvato in:
| Autore principale: | |
|---|---|
| Natura: | Sconosciuto |
| Lingua: | inglese |
| Pubblicazione: |
Barcelona, España
Gestión 2000
2019
|
| Edizione: | Octava edición |
| Soggetti: | |
| Accesso online: | Disponible Online |
| Tags: |
Aggiungi Tag
Nessun Tag, puoi essere il primo ad aggiungerne!!
|
MARC
| LEADER | 00000 a2200000 4500 | ||
|---|---|---|---|
| 003 | CL-VaPUC | ||
| 005 | 20240513153411.0 | ||
| 008 | 200319b2019 ||||| |||| 00| 0 eng d | ||
| 999 | |c 385445 |d 385443 | ||
| 020 | |a 9788498750744 | ||
| 040 | |c Pontificia Universidad Católica de Valparaíso | ||
| 082 | 0 | 4 | |2 21 |a 658.4092 LIK 2019 |
| 100 | 1 | |a Liker, Jefrey K. |9 623507 | |
| 245 | 1 | 4 | |a Las claves del éxito de Toyota: 14 principios de gestión del fabricante más grande del mundo |
| 250 | |a Octava edición | ||
| 260 | 3 | |a Barcelona, España |b Gestión 2000 |c 2019 | |
| 300 | |a 478 páginas | ||
| 505 | |a Primera parte. El poder de talla mundial del modelo Toyota. Segunda parte. Los principios empresariales del modelo Toyota. Tercera parte. Aplicación del modelo Toyota en su organización. | ||
| 583 | |k Hugo Gaete |c 20200319 | ||
| 650 | 0 | 0 | |a Administración de empresas |9 260833 |
| 650 | 0 | 0 | |9 471620 |a MANAGEMENT |
| 650 | 0 | 0 | |9 263734 |a INDUSTRIA AUTOMOTRIZ |
| 856 | |u https://bibliografiadigital.pucv.cl/index.php/bibliotecapucv/catalog/book/864 |y Disponible Online | ||
| 942 | |2 ddc |c BK | ||
| 952 | |0 0 |1 0 |2 ddc |4 0 |6 658_409200000000000_LIK_2019 |7 0 |8 A |9 551560 |a BIBING |b BIBING |c GEN |d 2020-03-06 |e 87 |g 76200.00 |i 5573432 |l 1 |o 658.4092 LIK 2019 |p 5573432 |r 2025-01-20 |s 2021-11-23 |t 1 |v 0.00 |w 2020-03-06 |y BK |k EII | ||